[Event "CAN-ch U12"]
[Site "Kapuskasing"]
[Date "2004.07.08"]
[Round "5"]
[White "Zisckind, Tal"]
[Black "Wywrot, Allen"]
[Result "1-0"]
[WhiteElo "1217"]
[BlackElo "1041"]
[PlyCount "55"]
[EventDate "2004.07.06"]
[EventType "swiss"]
[EventRounds "7"]
[EventCountry "CAN"]
[SourceTitle "EXT 2006"]
[Source "ChessBase"]
[SourceDate "2005.11.24"]
[SourceVersion "1"]
[SourceVersionDate "2005.11.24"]
[SourceQuality "1"]

1. e4 b6 2. Nf3 Bb7 3. Nc3 Nf6 4. d3 c6 5. Be2 e6 6. 0-0 d5 7. exd5 cxd5 8. Bf4 Ng4 9. Nd4 Bd6 10. Bxd6 Qxd6 11. Bxg4 h5 12. Be2 g6 13. Qd2 Qc5 14. Nb3 Qc6 15. d4 f6 16. Bb5 0-0 17. Bxc6 Bxc6 18. Qh6 Nd7 19. Qxg6+ Kh8 20. Qxh5+ Kg8 21. Qg4+ Kh7 22. Qxe6 Rac8 23. Nxd5 Bxd5 24. Qxd5 Rfd8 25. Qh5+ Kg7 26. Rfe1 Rh8 27. Re7+ Kg8 28. Qf7# 1-0